<?xml version="1.0" encoding="UTF-8"?>
<record
    xmlns:xsi="http://www.w3.org/2001/XMLSchema-instance"
    xsi:schemaLocation="http://www.loc.gov/MARC21/slim http://www.loc.gov/standards/marcxml/schema/MARC21slim.xsd"
    xmlns="http://www.loc.gov/MARC21/slim">

  <leader>00895nam a22002177a 4500</leader>
  <controlfield tag="003">BDDh-ASL</controlfield>
  <controlfield tag="005">20231016062620.0</controlfield>
  <controlfield tag="008">201115s2019    b  ||||| |||| 00| 0 b   d</controlfield>
  <datafield tag="040" ind1=" " ind2=" ">
    <subfield code="a">BDDh-ASL</subfield>
    <subfield code="c">BDDh-ASL</subfield>
    <subfield code="d">BDDh-ASL</subfield>
  </datafield>
  <datafield tag="041" ind1=" " ind2=" ">
    <subfield code="a">bengali </subfield>
  </datafield>
  <datafield tag="082" ind1=" " ind2=" ">
    <subfield code="a">920.72</subfield>
    <subfield code="b">MAH</subfield>
  </datafield>
  <datafield tag="100" ind1="1" ind2=" ">
    <subfield code="a">&#x996;&#x9BE;&#x9A8;&#x9AE;, &#x9AE;&#x9BE;&#x9B9;&#x9AB;&#x9C1;&#x99C;&#x9BE; </subfield>
    <subfield code="9">1221</subfield>
  </datafield>
  <datafield tag="245" ind1="1" ind2="0">
    <subfield code="a">&#x9AE;&#x9BE;&#x9B9;&#x9AB;&#x9C1;&#x99C;&#x9BE; &#x996;&#x9BE;&#x9A8;&#x9AE;&#x9C7;&#x9B0; &#x9A1;&#x9BE;&#x9AF;&#x9BC;&#x9C7;&#x9B0;&#x9BF;: </subfield>
    <subfield code="b">&#x9B7;&#x9B7;&#x9CD;&#x9A0; &#x996;&#x9A3;&#x9CD;&#x9A1; (&#x9E8;&#x9E6;&#x9E6;&#x9EF;-&#x9E8;&#x9E6;&#x9E7;&#x9E6;) /</subfield>
  </datafield>
  <datafield tag="246" ind1=" " ind2=" ">
    <subfield code="a">Mahfuza Khanamer Diary: Volume-06.</subfield>
  </datafield>
  <datafield tag="260" ind1=" " ind2=" ">
    <subfield code="a">&#x9A2;&#x9BE;&#x995;&#x9BE;: </subfield>
    <subfield code="b">&#x9AE;&#x9C2;&#x9B0;&#x9CD;&#x9A7;&#x9A8;&#x9CD;&#x9AF;, </subfield>
    <subfield code="c">&#x9E8;&#x9E6;&#x9E7;&#x9EF;&#x964; </subfield>
  </datafield>
  <datafield tag="300" ind1=" " ind2=" ">
    <subfield code="a">&#x9EA;&#x9EF;&#x9E9; &#x9AA;&#x9C3;&#x9B7;&#x9CD;&#x9A0;&#x9BE;: </subfield>
    <subfield code="c">&#x9E7;&#x9EF; &#x9B8;&#x9C7;.&#x9AE;&#x9BF;.&#x964;</subfield>
    <subfield code="b">&#x99B;&#x9AC;&#x9BF;: </subfield>
  </datafield>
  <datafield tag="600" ind1="1" ind2="0">
    <subfield code="a">&#x996;&#x9BE;&#x9A8;&#x9AE;, &#x9AE;&#x9BE;&#x9B9;&#x9AB;&#x9C1;&#x99C;&#x9BE; </subfield>
    <subfield code="9">1221</subfield>
  </datafield>
  <datafield tag="650" ind1=" " ind2="0">
    <subfield code="a">biographical dictionary - &#x99A;&#x9B0;&#x9BF;&#x9A4;&#x9BE;&#x9AD;&#x9BF;&#x9A7;&#x9BE;&#x9A8;</subfield>
    <subfield code="9">4665</subfield>
  </datafield>
  <datafield tag="650" ind1=" " ind2="0">
    <subfield code="a">Autobiography (&#x986;&#x9A4;&#x9CD;&#x9AE;&#x99C;&#x9C0;&#x9AC;&#x9A8;&#x9C0;)</subfield>
    <subfield code="9">4948</subfield>
  </datafield>
  <datafield tag="942" ind1=" " ind2=" ">
    <subfield code="2">ddc</subfield>
    <subfield code="c">BK</subfield>
  </datafield>
  <datafield tag="952" ind1=" " ind2=" ">
    <subfield code="0">0</subfield>
    <subfield code="1">0</subfield>
    <subfield code="2">ddc</subfield>
    <subfield code="4">0</subfield>
    <subfield code="7">0</subfield>
    <subfield code="8">NFIC</subfield>
    <subfield code="a">ASL</subfield>
    <subfield code="b">ASL</subfield>
    <subfield code="c">GEN</subfield>
    <subfield code="d">2023-03-15</subfield>
    <subfield code="e">Complimentary</subfield>
    <subfield code="h">V-6</subfield>
    <subfield code="l">0</subfield>
    <subfield code="o">920.72 MAH</subfield>
    <subfield code="p">119667</subfield>
    <subfield code="r">2023-03-15 00:00:00</subfield>
    <subfield code="t">C-1</subfield>
    <subfield code="w">2023-03-15</subfield>
    <subfield code="y">BK</subfield>
  </datafield>
  <datafield tag="952" ind1=" " ind2=" ">
    <subfield code="0">0</subfield>
    <subfield code="1">0</subfield>
    <subfield code="2">ddc</subfield>
    <subfield code="4">0</subfield>
    <subfield code="7">0</subfield>
    <subfield code="8">NFIC</subfield>
    <subfield code="a">ASL</subfield>
    <subfield code="b">ASL</subfield>
    <subfield code="c">GEN</subfield>
    <subfield code="d">2023-03-15</subfield>
    <subfield code="e">Complimentary</subfield>
    <subfield code="h">V-6</subfield>
    <subfield code="l">0</subfield>
    <subfield code="o">920.72 MAH</subfield>
    <subfield code="p">119668</subfield>
    <subfield code="r">2023-03-15 00:00:00</subfield>
    <subfield code="t">C-2</subfield>
    <subfield code="w">2023-03-15</subfield>
    <subfield code="y">BK</subfield>
  </datafield>
  <datafield tag="999" ind1=" " ind2=" ">
    <subfield code="c">31069</subfield>
    <subfield code="d">31069</subfield>
  </datafield>
</record>
